Democratic ideals and financial realities : (Record no. 2578)

MARC details
000 -LEADER
fixed length control field 01557nam a2200397 a 4500
001 - CONTROL NUMBER
control field 4935630
005 - DATE AND TIME OF LATEST TRANSACTION
control field 20230626083513.0
008 - FIXED-LENGTH DATA ELEMENTS--GENERAL INFORMATION
fixed length control field 940704s1994 onca bs f000 0 eng d
010 ## - LIBRARY OF CONGRESS CONTROL NUMBER
LC control number 95188022
015 ## - NATIONAL BIBLIOGRAPHY NUMBER
National bibliography number C94-980255-7E
020 ## - INTERNATIONAL STANDARD BOOK NUMBER
International Standard Book Number 0662612523
035 ## - SYSTEM CONTROL NUMBER
System control number (OCoLC)31174591
040 ## - CATALOGING SOURCE
Original cataloging agency CaOODP
Language of cataloging eng
Transcribing agency CaOONL
Modifying agency DLC
041 0# - LANGUAGE CODE
Language code of text/sound track or separate title engfre
042 ## - AUTHENTICATION CODE
Authentication code lccopycat
043 ## - GEOGRAPHIC AREA CODE
Geographic area code n-cn---
050 00 - LIBRARY OF CONGRESS CALL NUMBER
Classification number JL111.S3
Item number C225 1994
055 #0 - CLASSIFICATION NUMBERS ASSIGNED IN CANADA
Classification number COP.CA.2.1994-2010
055 #2 - CLASSIFICATION NUMBERS ASSIGNED IN CANADA
Classification number JL111*
082 00 - DEWEY DECIMAL CLASSIFICATION NUMBER
Classification number 328.71/0733
Edition number 20
Item number COM
086 1# - GOVERNMENT DOCUMENT CLASSIFICATION NUMBER
Classification number DSS Cat. no. CP 32-61-1994
110 1# - MAIN ENTRY--CORPORATE NAME
Corporate name or jurisdiction name as entry element Canada.
Subordinate unit Commission to Review Allowances of Members of Parliament (1994)
245 10 - TITLE STATEMENT
Title Democratic ideals and financial realities :
Remainder of title paying representatives in the 21st century /
Statement of responsibility, etc. Commission to Review Allowances of Members of Parliament.
260 ## - PUBLICATION, DISTRIBUTION, ETC. (IMPRINT)
Place of publication, distribution, etc. [Ottawa] :
Name of publisher, distributor, etc. The Commission,
Date of publication, distribution, etc. c1994.
300 ## - PHYSICAL DESCRIPTION
Extent x, 93, 93, x p. (some folded) :
Other physical details ill. ;
Dimensions 25 cm.
500 ## - GENERAL NOTE
General note Text in English and French with French text on inverted pages.
500 ## - GENERAL NOTE
General note Title on added t.p.: Idéaux démocratiques et réalités financières.
500 ## - GENERAL NOTE
General note Chairman: Charles Lapointe. Cf. Prefatory material.
504 ## - BIBLIOGRAPHY, ETC. NOTE
Bibliography, etc Includes bibliographical references.
610 10 - SUBJECT ADDED ENTRY--CORPORATE NAME
Corporate name or jurisdiction name as entry element Canada.
Subordinate unit Parliament
General subdivision Salaries, etc.
650 #0 - SUBJECT ADDED ENTRY--TOPICAL TERM
Topical term or geographic name as entry element Legislators
General subdivision Salaries, etc.
Geographic subdivision Canada.
740 0# - ADDED ENTRY--UNCONTROLLED RELATED/ANALYTICAL TITLE
Uncontrolled related/analytical title Idéaux démocratiques et réalités financières.
906 ## - LOCAL DATA ELEMENT F, LDF (RLIN)
a 7
b cbc
c copycat
d 3
e ncip
f 19
g y-gencatlg
942 ## - ADDED ENTRY ELEMENTS (KOHA)
Source of classification or shelving scheme Dewey Decimal Classification
Koha item type Books
Holdings
Withdrawn status Lost status Source of classification or shelving scheme Damaged status Not for loan Home library Current library Date acquired Total Checkouts Full call number Barcode Date last seen Price effective from Koha item type
    Dewey Decimal Classification     County Hall Archives County Hall Archives 06/26/2023   328.71/0733 COM 10008590 06/26/2023 06/26/2023 Books
LIBRARY OPENING HOURS

When the Parliament is sitting: 8.00a.m - 7.00p.m or until the house adjourns
Mondays and Fridays and when the House is on Recess:  8.00a.m - 5.00p.m
Closed on Weekends and Public Holidays

Online Public Access Catalog (OPAC)
Website: http://www.parliament.go.ke
Bunge Library: https://libraryir.parliament.go.ke
Contact: library@parliament.go.ke | Tel no: (254-2)2221291 or 2848000 Ext 5043